Disturbing Movies by IMDb description #2 - Statistics

General Stats
  • This quiz has been taken 135 times
  • The average score is 4 of 8
Answer Stats
Hint Answer % Correct
When a teenage girl is possessed by a mysterious entity, her mother seeks the help of two priests to save her daughter. The Exorcist
91%
Three backpackers head to a Slovak city that promises to meet their hedonistic expectations, with no idea of the hell that awaits them. Hostel
67%
After being kidnapped and imprisoned for 15 years, Oh Dae-Su is released, only to find that he must find his captor in 5 days. Oldboy
61%
Henry Spencer tries to survive his industrial environment, his angry girlfriend, and the unbearable screams of his newly born mutant child. Eraserhead
54%
Based on the true life serial killer, Henry Lee Lucas. Henry: Portrait of a Serial Killer
38%
In a dream-like sequence, a woman's eye is slit open-- [...] An Andalusian Dog
25%
A documentary which challenges former Indonesian death-squad leaders to reenact their mass-killings in whichever cinematic genres they wish, including classic Hollywood crime scenarios and lavish musical numbers. The Act of Killing
17%
A psychotic man, troubled by his childhood abuse, loose in NYC, kills young women and takes their scalps as trophies. Will he find the perfect woman in photographer Anna, and end his killing spree? Maniac
16%
No matching quizzes found
Score Distribution
Percent of People with Each Score
Percentile by Number Answered
Your Score History
You have not taken this quiz